000 00590nam a2200241Ia 4500
003 OSt
005 20220924152447.0
006 a|||||r|||| 00| 0
007 ta
008 220923b |||||||| |||| 00| 0 mal d
020 _c5.00
024 _a342566
037 _cTextual
040 _aARTS
_cARTS
_bmal
041 _2mal
_amal
082 _aV231:21wK27, 32K5
100 _aKincaid Dennis
245 0 _aMahanaya viplavakar
260 _c1965
650 _aHISTORY
942 _hV231:21wK27, 32K5
_cTEXL
_2CC
999 _c469872
_d469872